Odyssée de mises en lumière - Statistiques

Statistiques générales
  • Ce quiz a été pris 757 fois
  • Le résultat moyen est 14 sur 25
Réponses sur la Carte
Les réponses sont colorées sur une échelle allant du rouge au vert en fonction du pourcentage des utilisateurs qui les ont devinées à leur premier essai. Vous pouvez retrouver ces pourcentages ci-dessous.
 
Statistiques - réponses
Réponse % Correct
1 France
94%
1 Peugeot
92%
1 Belgique
91%
2 Suisse
81%
2 Sénégal
68%
3 BNP Paribas
66%
2 Seychelles
64%
6 Canada
62%
4 Luxembourg
61%
3 Omega
60%
2 Tchad
60%
2 Madagascar
57%
5 13
53%
4 Cameroun
51%
5 Monaco
50%
2 Guyane
45%
4 République Centrafricaine
44%
4 Niger
43%
5 Atomium
39%
6 Côte d'Ivoire
39%
3 Bugatti
38%
6 R. D. Congo
30%
3 Stella Artois
28%
4 Hercule Poirot
26%
3 Cirque du Soleil
9%
Aucun quiz correspondant
Distribution des résultats
% des personnes avec chaque résultat
Percentile par nombre de réponses
Votre historique - résultats
Vous n’avez pas pris ce quiz